000 00428nam a2200181Ia 4500
001 15740
005 20260306170218.0
008 260306t2006||||xx |||||||||||||| ||und||
041 _aESP
082 _a604.2
_bG343
100 _aGiesecke, Frederick Ernest [1869-1953]
_eAUT
245 0 _aDibujo y comunicación gráfica
260 _c2006
300 _a
_c
650 _aGEN
654 _aCAU
942 _cLIB
_dJUS
_fJUS
_2ddc
_n
999 _c15740
_d15740